Normal view
MARC view
- Patrick, Charles,
Entry Personal Name
001 - CONTROL NUMBER
- control field: 25206
003 - CONTROL NUMBER IDENTIFIER
- control field: NUST
005 - DATE AND TIME OF LATEST TRANSACTION
- control field: 20191105150439.0
008 - FIXED-LENGTH DATA ELEMENTS
- fixed length control field: 191105|| aca||aabn | a|a d
040 ## - CATALOGING SOURCE
- Original cataloging agency: NUST
- Transcribing agency: NUST
100 ## - HEADING--PERSONAL NAME
- Personal name: Patrick, Charles,
- Dates associated with a name: 1956-
670 ## - SOURCE DATA FOUND
- Source citation: Work cat.: (NUST)0: Patrick, Charles, 1956-, Construction project planning and scheduling /, c2004.
